000 02000cas a2200313 a 4500
005 20240925065052.0
006 s|||||o|||| 00| 0
008 991125c1999 ck fr p| 000 0 eng d
022 _a2344-8644
035 _aUPN01000198772
040 _aMX-MxUPN
_bspa
049 _aREV-E
245 0 0 _aRevista colombiana de psicología
_h[recurso electrónico en línea]
247 _aRevista de Psicología
260 _aBogotá :
_bUniversidad Nacional de Colombia. Facultad de Ciencias Humanas. Departamento de Psicología,
_c1999 -
310 _aSemestral
506 0 _aAcceso abierto.
510 0 _aSciElo
510 0 _aPsicodoc.
510 0 _ae - Revistas.
520 _a"La RCP está dirigida a instituciones educativas y culturales interesadas en los desarrollos de la disciplina psicológica, así como a psicólogos, estudiantes de psicología y disciplinas afines. Su objetivo principal es la divulgación de trabajos originales y arbitrados que se enmarquen en cualquiera de las áreas de investigación, básica o aplicada, propias de la psicología, y que contribuyan al avance y al crecimiento inter-disciplinario de esta, así como a su impacto social. La RCP está particularmente interesada en mejorar el conocimiento público y construir una comunidad académica más robusta en el campo de la psicología en los contextos Latino Americanos. En esta se publican reportes de investigaciones empíricas, contribuciones teóricas en la forma de ensayos, trabajos de metaanálisis, revisiones críticas de literatura, estudios empíricos y, en general, trabajos que sigan algunos de los formatos aceptados dentro de las perspectivas teóricas y metodológicas de la psicología científica".
_cRCP.
546 _aEspañol, Inglés y Portugués
650 4 _aPsicología
_938
650 4 _aPsicología educativa
_95197
650 2 _aNeurociencias
_915751
856 4 _uhttp://www.revistas.unal.edu.co/index.php/psicologia/index
905 _aRevista
942 _cREV-E
999 _c170873
_d170873